Nja Mahdaoui : Jafr : The Alchemy of Signs /

Gardado en:
Detalles Bibliográficos
Autor Principal: Mahdaoui, Nja (artista)
Outros autores: Mahdaoui, Molka (edición) (edición), Porter, Venetia (introducción) (introducción)
Formato: Libro
Idioma:inglés
Publicado: Milán, Italia : Skira, 2015, c2015
Temas:
Etiquetas: Engadir etiqueta
Sen Etiquetas, Sexa o primeiro en etiquetar este rexistro!

MARC

LEADER 00000nam^a2200000^a^4500
001 000392524
005 20250526000000.0
009 20260310121245.187
020 |a 978-88-572-2264-6 
037 |a Acervo ITESO - Biblioteca 
041 |a ING 
082 |a 709. 61105  |b MAH MAH 
100 |a Mahdaoui, Nja  |e (artista) 
245 1 0 |a Nja Mahdaoui :  |b Jafr : The Alchemy of Signs /  |c Artista N. Mahdaoui ; ed. de M. Mahdaoui ; introd. de V. Porter. 
264 4 |a Milán, Italia :  |b Skira,  |c 2015, c2015 
300 |a 405 p. ;  |c 28.5 cm. 
336 |a texto  |b txt  |2 rdacontenido 
337 |a sin mediación  |b n  |2 rdamedio 
338 |a volumen  |b nc  |2 rdasoporte 
521 |a Peticiones 2017 
649 |a XX 
650 |a Artistas Tunecinos 
650 |a Artistas Arabes 
650 |a Caligrafía Islámica -  |z Túnez -  |x Historia 
650 |a Caligrafía -  |z Túnez -  |x Historia 
650 |a Arte Moderno -  |z Túnez -  |x Historia y Crítica 
650 |a Arte Tunecino -  |x Historia y Crítica 
650 |a Arte Tunecino -  |y Siglo XX 
650 |a Arte Tunecino -  |y Siglo XXI 
650 |a Arte Arabe -  |x Historia y Crítica 
650 |a Arte Arabe -  |y Siglo XX 
650 |a Arte Arabe -  |y Siglo XXI 
650 |a Mahdaoui, Nja -  |x Tema Principal 
700 |a Mahdaoui, Molka  |e (edición) 
700 |a Porter, Venetia  |e (introducción) 
910 |a Fondo General 
920 |a Impresos - Libros 
930 |a Libros Antiguos y Raros 
905 |a 108 
901 |a 0500287169  |b IT2  |c LRA  |i C146688  |u 20250526 
902 |a https://opac.biblio.iteso.mx/vufind/Record/000392524